| Поле | Название | Значение |
| |
Тип записи |
c |
| |
Библиографический уровень |
m |
| 001 |
Контрольный номер |
UONB/NOTY/5ec5485198b4491bbabd5f876096651b |
| 005 |
Дата корректировки |
20240130235157.8 |
| 100 |
Данные общей обработки |
__ |
| a |
Данные общей обработки |
20220616g1999 u y0rusy0189## ca |
| 101 |
Язык документа |
0_ |
| a |
Язык текста |
rus |
| f |
Язык титульного листа |
rus |
| 102 |
Страна публикации |
__ |
| a |
Страна публикации |
RU |
| 200 |
Заглавие и сведения об ответственности |
1_ |
| a |
Заглавие |
Популярные романсы |
| b |
Общее обозначение материала |
Ноты |
| e |
Сведения, относящиеся к заглавию |
в перелож. для фп. [с надпис. текстом] |
| 210 |
Выходные данные |
1_ |
| a |
Место издания |
Ростов-на-Дону |
| c |
Издательство |
Феникс |
| d |
Дата издания |
1999 - |
| 215 |
Физическое описание |
__ |
| d |
Формат |
29 см |
| 225 |
Серия |
1_ |
| a |
Серия |
Музыкальная мозаика |
| 686 |
Индексы других классификаций |
__ |
| a |
Классификационный индекс |
85 |
| 2 |
Код системы |
rubbk |
| 801 |
Источник записи |
_0 |
| a |
Страна |
RU |
| b |
Организация |
Ульяновская ОНБ |
| c |
Дата составления |
20220616 |
| g |
Правила каталогизации |
RCR |
| 801 |
Источник записи |
_1 |
| a |
Страна |
RU |
| b |
Организация |
Ульяновская ОНБ |
| c |
Дата составления |
20220616 |
| g |
Правила каталогизации |
RCR |
| 901 |
Тип документа |
__ |
| t |
Тип документа |
v |
| 909 |
Создатель записи |
__ |
| a |
Создатель записи |
Грязнова И. Е. |